[Event "Madrid-ch final"]
[Site "Madrid"]
[Date "2020.07.19"]
[Round "2"]
[White "Giron Herranz, Juan"]
[Black "Guillo Longares, Cecilia"]
[Result "0-1"]
[WhiteElo "1811"]
[BlackElo "2114"]
[PlyCount "78"]
[EventDate "2020.07.18"]
[EventType "swiss"]
[EventRounds "7"]
[EventCountry "ESP"]
[SourceTitle "EXT 2021"]
[Source "ChessBase"]
[SourceDate "2020.10.23"]
[SourceVersion "1"]
[SourceVersionDate "2020.10.23"]
[SourceQuality "1"]

1. d4 Nf6 2. c4 c5 3. d5 d6 4. Nc3 g6 5. e4 Bg7 6. f4 0-0 7. Nf3 e6 8. Bd3 exd5 9. cxd5 a6 10. a4 Nfd7 11. 0-0 Qc7 12. Be3 b6 13. Qc2 Bb7 14. Nd2 Nf6 15. f5 Nbd7 16. Nc4 Ne8 17. fxg6 hxg6 18. Rf3 Bc8 19. Qd2 Rb8 20. Bh6 Bd4+ 21. Kh1 Ng7 22. Bf4 Ne5 23. Nxe5 dxe5 24. Bh6 c4 25. Be2 b5 26. axb5 axb5 27. Qg5 Qd8 28. Qxd8 Rxd8 29. Raf1 Rf8 30. Bxg7 Kxg7 31. h3 Bd7 32. Rf6 b4 33. Na2 b3 34. Bxc4 bxa2 35. Bxa2 Rxb2 36. Bc4 Be3 37. d6 Bf4 38. R6xf4 exf4 39. Rxf4 Be6 0-1

[Event "Madrid-ch final"]
[Site "Madrid"]
[Date "2020.07.18"]
[Round "1"]
[White "Martinez Fernandez, Raul"]
[Black "Giron Herranz, Juan"]
[Result "1-0"]
[WhiteElo "2220"]
[BlackElo "1811"]
[PlyCount "117"]
[EventDate "2020.07.18"]
[EventType "swiss"]
[EventRounds "7"]
[EventCountry "ESP"]
[SourceTitle "EXT 2021"]
[Source "ChessBase"]
[SourceDate "2020.10.23"]
[SourceVersion "1"]
[SourceVersionDate "2020.10.23"]
[SourceQuality "1"]

1. d4 d5 2. c4 e6 3. Nc3 Nf6 4. cxd5 exd5 5. Bg5 Be7 6. e3 0-0 7. Bd3 h6 8. Bh4 c6 9. Nge2 Nbd7 10. 0-0 Ne4 11. Bxe7 Qxe7 12. Bxe4 dxe4 13. d5 cxd5 14. Nxd5 Qe5 15. Rc1 Nf6 16. Nxf6+ Qxf6 17. Qd4 Qxd4 18. Nxd4 b6 19. Rc7 Ba6 20. Rfc1 Rfc8 21. Rxc8+ Rxc8 22. Rxc8+ Bxc8 23. Kf1 Kf8 24. Ke2 Ke7 25. Kd2 Kd6 26. Kc3 a6 27. b4 g6 28. Kc4 Bd7 29. a3 Be8 30. Kb3 Kd5 31. Ne2 Ke5 32. Nc3 Bd7 33. a4 Be6+ 34. Ka3 Bc4 35. a5 b5 36. Kb2 Bf1 37. g3 Bc4 38. Kc2 f5 39. Kd2 g5 40. Kc1 Bd3 41. h3 Bf1 42. Kd2 Bxh3 43. Nxb5 Bf1 44. Nd4 Bc4 45. Kc3 Bd5 46. b5 axb5 47. Kb4 h5 48. Ne2 Kd6 49. Kxb5 Kc7 50. Kc5 Bb7 51. Nd4 h4 52. Ne6+ Kb8 53. Nxg5 hxg3 54. fxg3 Kc7 55. Nf7 Bc8 56. Nd6 Bd7 57. a6 Kb8 58. Nb5 Bc8 59. Kb6 1-0

[Event "Madrid San Viator op-B 31st"]
[Site "Madrid"]
[Date "2019.10.13"]
[Round "5"]
[White "Alcojor Patilla, Antonio"]
[Black "Giron Herranz, Juan"]
[Result "0-1"]
[WhiteElo "1602"]
[BlackElo "1439"]
[PlyCount "62"]
[EventDate "2019.09.08"]
[EventType "swiss"]
[EventRounds "9"]
[EventCountry "ESP"]
[SourceTitle "EXT 2022"]
[Source "ChessBase"]
[SourceDate "2021.10.06"]
[SourceVersion "1"]
[SourceVersionDate "2021.10.06"]
[SourceQuality "1"]

1. e4 c5 2. Nf3 d6 3. d4 cxd4 4. Nxd4 Nc6 5. Nc3 a6 6. Be3 Nf6 7. f3 e6 8. Qd2 Be7 9. 0-0-0 0-0 10. g4 Qc7 11. g5 Nd7 12. h4 Nc5 13. h5 b5 14. g6 fxg6 15. hxg6 hxg6 16. Qg2 b4 17. Nb1 Nxd4 18. Bxd4 b3 19. Bxc5 bxa2 20. Bd4 Qa5 21. Rg1 Bf6 22. Qxg6 Bxd4 23. Rxd4 Qe1+ 24. Rd1 axb1Q+ 25. Kxb1 Qxd1+ 26. Ka2 Qd4 27. c3 Qf6 28. Qg3 e5 29. Bc4+ Be6 30. Bxe6+ Qxe6+ 31. Kb1 Qf6 0-1

[Event "Madrid-ch U16"]
[Site "Madrid"]
[Date "2019.04.06"]
[Round "5"]
[White "Giron Herranz, Juan"]
[Black "Guillo Longares, Cecilia"]
[Result "0-1"]
[WhiteElo "1339"]
[BlackElo "1935"]
[PlyCount "60"]
[EventDate "2019.03.30"]
[EventType "swiss"]
[EventRounds "6"]
[EventCountry "ESP"]
[SourceTitle "EXT 2021"]
[Source "ChessBase"]
[SourceDate "2020.10.23"]
[SourceVersion "1"]
[SourceVersionDate "2020.10.23"]
[SourceQuality "1"]

1. e4 c5 2. Nf3 Nc6 3. d4 cxd4 4. Nxd4 g6 5. Nc3 Bg7 6. Be3 Nf6 7. Be2 0-0 8. Qd2 d6 9. 0-0 Bd7 10. Kh1 Rc8 11. f4 Bg4 12. Nxc6 Rxc6 13. Bxa7 b6 14. Bxg4 Nxg4 15. Nd5 e6 16. Bxb6 Qd7 17. Ne3 Nxh2 18. Kxh2 Rxb6 19. c3 Qb7 20. Nc4 Rb5 21. Qxd6 Qxe4 22. Nd2 Qe3 23. Rf3 Rh5+ 24. Rh3 Bh6 25. Rf1 Rxh3+ 26. gxh3 e5 27. Kg2 Bxf4 28. Rxf4 exf4 29. c4 Qg3+ 30. Kf1 Re8 0-1

[Event "Madrid San Viator op-B 29th"]
[Site "Madrid"]
[Date "2017.11.05"]
[Round "8"]
[White "Giron Herranz, Juan"]
[Black "Franco Rincon, David"]
[Result "0-1"]
[WhiteElo "1366"]
[BlackElo "1686"]
[PlyCount "94"]
[EventDate "2017.09.17"]
[EventType "swiss"]
[EventRounds "9"]
[EventCountry "ESP"]
[SourceTitle "EXT 2019"]
[Source "ChessBase"]
[SourceDate "2018.10.10"]
[SourceVersion "1"]
[SourceVersionDate "2018.10.10"]
[SourceQuality "1"]

1. e4 e5 2. Nf3 Nc6 3. Nc3 Nf6 4. Bb5 d6 5. d4 exd4 6. Nxd4 Bd7 7. Nxc6 bxc6 8. Be2 Be7 9. 0-0 0-0 10. Bg5 h6 11. Bh4 Nxe4 12. Bxe7 Qxe7 13. Nxe4 Qxe4 14. Qd3 Rfe8 15. Qxe4 Rxe4 16. Bd3 Re7 17. Rfe1 Rae8 18. Rxe7 Rxe7 19. Kf1 c5 20. Re1 Kf8 21. Rxe7 Kxe7 22. Ke2 Ke6 23. Ke3 a5 24. c3 g5 25. g3 f5 26. f4 d5 27. Be2 g4 28. Bd1 Bb5 29. Bc2 Bf1 30. Bd3 Bxd3 31. Kxd3 Kd6 32. b3 Kc6 33. a4 Kb6 34. Ke3 c4 35. bxc4 Kc5 36. cxd5 Kc4 37. Kd2 Kxd5 38. Kd3 Kc5 39. Kc2 Kc4 40. Kb2 Kd3 41. Kb3 c5 42. Kb2 c4 43. Kb1 Kxc3 44. Kc1 Kb3 45. Kd2 c3+ 46. Kd3 c2 47. Kd4 c1Q 0-1

[Event "Madrid San Viator op-B 29th"]
[Site "Madrid"]
[Date "2017.10.22"]
[Round "5"]
[White "Giron Herranz, Juan"]
[Black "Jubin Diez, Damien"]
[Result "1-0"]
[WhiteElo "1366"]
[BlackElo "1138"]
[PlyCount "81"]
[EventDate "2017.09.17"]
[EventType "swiss"]
[EventRounds "9"]
[EventCountry "ESP"]
[SourceTitle "EXT 2019"]
[Source "ChessBase"]
[SourceDate "2018.10.10"]
[SourceVersion "1"]
[SourceVersionDate "2018.10.10"]
[SourceQuality "1"]

1. e4 e6 2. d4 d5 3. Nc3 c5 4. Bb5+ Nc6 5. Nf3 Bd7 6. exd5 exd5 7. 0-0 a6 8. Bxc6 Bxc6 9. Re1+ Be7 10. dxc5 Nf6 11. Ne5 0-0 12. Nxc6 bxc6 13. Be3 Rb8 14. Rb1 Qa5 15. Qd3 Ng4 16. Re2 Nxe3 17. Rxe3 Bxc5 18. Rh3 h6 19. Qg3 Bd4 20. b3 Bxc3 21. Qxc3 Qxa2 22. Ra1 d4 23. Rxa2 dxc3 24. Rxa6 Ra8 25. Rxa8 Rxa8 26. Kf1 Re8 27. Rxc3 Re6 28. Re3 Rxe3 29. fxe3 Kf8 30. Ke2 Ke7 31. Kd3 Kd6 32. Ke4 c5 33. c3 g6 34. b4 f5+ 35. Kd3 Kd5 36. bxc5 Kxc5 37. c4 g5 38. e4 fxe4+ 39. Kxe4 Kxc4 40. Kf5 Kd5 41. h3 1-0

[Event "Madrid San Viator op-B 29th"]
[Site "Madrid"]
[Date "2017.09.17"]
[Round "1"]
[White "Giron Herranz, Juan"]
[Black "Jimenez Alvaro, Angel"]
[Result "0-1"]
[WhiteElo "1366"]
[BlackElo "1683"]
[PlyCount "62"]
[EventDate "2017.09.17"]
[EventType "swiss"]
[EventRounds "9"]
[EventCountry "ESP"]
[SourceTitle "EXT 2019"]
[Source "ChessBase"]
[SourceDate "2018.10.10"]
[SourceVersion "1"]
[SourceVersionDate "2018.10.10"]
[SourceQuality "1"]

1. d4 e6 2. Nf3 f5 3. c4 Nf6 4. Nc3 Bb4 5. Bd2 0-0 6. e3 b6 7. Bd3 Bb7 8. Qc2 Bxc3 9. Bxc3 Ne4 10. 0-0-0 d5 11. Bxe4 fxe4 12. Ne5 Nd7 13. Nxd7 Qxd7 14. h4 Rac8 15. Qe2 Qa4 16. Kb1 Qxc4 17. Qxc4 dxc4 18. Rdf1 a5 19. h5 b5 20. a3 Ra8 21. g4 Bc6 22. g5 Rfb8 23. Rh4 b4 24. axb4 axb4 25. Be1 c3 26. bxc3 Bb5 27. Rg1 Bd3+ 28. Kc1 Ra1+ 29. Kd2 Ra2+ 30. Kc1 bxc3 31. Bxc3 Rb1# 0-1

[Event "Madrid San Viator op-B 27th"]
[Site "Madrid"]
[Date "2016.11.13"]
[Round "8"]
[White "Ramos Barbancho, Jose Manuel"]
[Black "Giron Herranz, Juan"]
[Result "1-0"]
[WhiteElo "1376"]
[BlackElo "1241"]
[PlyCount "49"]
[EventDate "2016.09.25"]
[EventType "swiss"]
[EventRounds "9"]
[EventCountry "ESP"]
[SourceTitle "EXT 2019"]
[Source "ChessBase"]
[SourceDate "2018.10.10"]
[SourceVersion "1"]
[SourceVersionDate "2018.10.10"]
[SourceQuality "1"]

1. e4 c5 2. Nf3 Nc6 3. d4 cxd4 4. Nxd4 e5 5. Nxc6 bxc6 6. Bc4 Nf6 7. Bg5 h6 8. Bh4 Be7 9. Nc3 0-0 10. 0-0 Qb6 11. Bxf6 Bxf6 12. Rb1 Rd8 13. Qh5 d5 14. exd5 Ba6 15. Ne4 Bxc4 16. Nxf6+ Kf8 17. Nh7+ Kg8 18. Nf6+ Kf8 19. Rfe1 gxf6 20. Qxh6+ Ke7 21. Qh4 Rxd5 22. Qxc4 Rad8 23. Qh4 Rd2 24. Rxe5+ Kf8 25. Qh8# 1-0

[Event "Madrid San Viator op-B 26th"]
[Site "Madrid"]
[Date "2016.05.29"]
[Round "8"]
[White "Giron Herranz, Juan"]
[Black "Castro Uceda, Jose Antonio"]
[Result "0-1"]
[WhiteElo "1163"]
[BlackElo "1558"]
[PlyCount "92"]
[EventDate "2016.04.03"]
[EventType "swiss"]
[EventRounds "9"]
[EventCountry "ESP"]
[SourceTitle "EXT 2017"]
[Source "ChessBase"]
[SourceDate "2016.10.25"]
[SourceVersion "1"]
[SourceVersionDate "2016.10.25"]
[SourceQuality "1"]

1. d4 Nf6 2. c4 e5 3. dxe5 Ng4 4. Nf3 Nc6 5. Bg5 Be7 6. Bxe7 Qxe7 7. e3 Ngxe5 8. Nbd2 Qb4 9. Nxe5 Nxe5 10. b3 Qc3 11. Rc1 Nd3+ 12. Bxd3 Qxd3 13. Nf3 Qf5 14. 0-0 0-0 15. Qc2 Qh5 16. Rcd1 d6 17. Rd5 Qh6 18. Rd4 Qf6 19. Rfd1 Re8 20. Rf4 Qe7 21. Rdd4 Be6 22. Qd3 h6 23. Nh4 g5 24. Nf5 Bxf5 25. Rxf5 Qe6 26. Kf1 Rad8 27. Ke2 b6 28. f3 Kg7 29. g4 Qc8 30. Re4 Re5 31. Qd4 f6 32. h3 h5 33. Qd3 hxg4 34. Rxg4 Rxf5 35. h4 Rh8 36. hxg5 Rh2+ 37. Ke1 fxg5 38. Qd4+ Kg6 39. Qe4 Rxa2 40. Rxg5+ Kxg5 41. Qg4+ Kf6 42. Qh4+ Kg6 43. Qg4+ Rg5 44. Qe4+ Qf5 45. Qe8+ Qf7 46. Qe4+ Kh5 0-1